Historia general de los hechos de los castellanos en las islas y tierra firme del mar océano / (Record no. 79591)
[ view plain ]
| 000 -LEADER | |
|---|---|
| campo de control de longitud fija | 02445nam a2200265 i 4500 |
| 001 - NÚMERO DE CONTROL | |
| campo de control | 79591 |
| 003 - IDENTIFICADOR DE NÚMERO DE CONTROL | |
| campo de control | ES-MaACL |
| 005 - FECHA Y HORA DE LA ÚLTIMA TRANSACCIÓN | |
| campo de control | 20230907172349.0 |
| 007 - CAMPO FIJO DE DESCRIPCIÓN FÍSICA--INFORMACIÓN GENERAL | |
| campo de control de longitud fija | t| |
| 008 - DATOS DE LONGITUD FIJA--INFORMACIÓN GENERAL | |
| campo de control de longitud fija | 041022m19341957sp ||||1| spa d |
| 100 1# - ENTRADA PRINCIPAL--NOMBRE DE PERSONA | |
| Nombre de persona | Herrera y Tordesillas, Antonio de. |
| 9 (RLIN) | 63252 |
| 245 10 - MENCIÓN DEL TÍTULO | |
| Título | Historia general de los hechos de los castellanos en las islas y tierra firme del mar océano / |
| Mención de responsabilidad, etc. | escrita por Antonio de Herrera ; [prólogo y notas de Antonio Ballesteros Beretta, Miguel Gómez del Campillo, Angel de Altolaguir]. |
| 260 ## - PUBLICACIÓN, DISTRIBUCIÓN, ETC. | |
| Lugar de publicación, distribución, etc. | Madrid : |
| Nombre del editor, distribuidor, etc. | Academia de la Historia, |
| Fecha de publicación, distribución, etc. | 1934-1957 ( |
| Fabricante | Tip. de Archivos) |
| 300 ## - DESCRIPCIÓN FÍSICA | |
| Extensión | 11 v. ; |
| Dimensiones | 26 cm. |
| 500 ## - NOTA GENERAL | |
| Nota general | Son 17 v., faltan VI al XI. |
| 505 8# - NOTA DE CONTENIDO CON FORMATO | |
| Nota de contenido con formato | I. Descripción de las Indias Occidentales / con prólogo y notas de Antonio Ballesteros-Beretta II. Decada primera. Libro primero / con notas de Angel Altolagirre y Duvale III. Decada primera. Libro sexto / con Notas de Angel de Altolagirre y Duvale IV. Década segunda. Libro primero / con notas de Antonio Ballesteros-Beretta V. Decada segunda. Libro Quinto / con notas de Antonio Ballesteros-Beretta VI. Década tercera. Libro primero / con notas de Angel González Palencia VII. Década tercera. Libro quinto / con notas de Miguel Gómez del Campillo VIII. Década cuarta. Libro primero / con notas de Miguel Gómez del Campillo IX. Década cuarta. Libro séptimo / con notas de Miguel Gómez del Campillo X. Década quinta. Libro primero / con notas de Miguel Gómez del Campillo XI. Década quinta. Libro sexto / con notas de Miguel Gómez del Campillo XII. Década sexta. Libro primero / con notas de Miguel Gómez del Campillo XIII. Década sexta. Libro sexto / con notas de Miguel Gómez del Campillo XIV. Década septima. Libro primero / con notas de Miguel Gómez del Campillo XV. Década séptima. Libro séptimo / con notas de Miguel Gómez del Campillo XVI. Década octava. Libro primero / con notas de Miguel Gómez del Campillo XVII. Década octava. Libro sexto / con notas de Miguel Gómez de Campillo |
| 600 14 - PUNTO DE ACCESO ADICIONAL DE MATERIA--NOMBRE DE PERSONA | |
| Nombre de persona | Colón, Cristóbal. |
| 9 (RLIN) | 39869 |
| 651 #4 - PUNTO DE ACCESO ADICIONAL DE MATERIA--NOMBRE GEOGRÁFICO | |
| Nombre geográfico | América- |
| Subdivisión general | Descubrimientos y exploraciones- |
| -- | Españoles. |
| 9 (RLIN) | 138324 |
| 700 1# - ENTRADA AGREGADA--NOMBRE PERSONAL | |
| Nombre de persona | Ballesteros Beretta, Antonio, |
| Fechas asociadas al nombre | 1880-1949 |
| 9 (RLIN) | 25050 |
| 700 1# - ENTRADA AGREGADA--NOMBRE PERSONAL | |
| Nombre de persona | Gómez del Campillo, Miguel. |
| 9 (RLIN) | 57928 |
| 700 1# - ENTRADA AGREGADA--NOMBRE PERSONAL | |
| Nombre de persona | Altolaguirre y Duvale, Ángel de, |
| Fechas asociadas al nombre | 1857-1939 |
| 9 (RLIN) | 20559 |
| 710 2# - ENTRADA AGREGADA--NOMBRE DE ENTIDAD CORPORATIVA | |
| Nombre de entidad corporativa o nombre de jurisdicción como elemento de entrada | Real Academia de la Historia (España) |
| 9 (RLIN) | 6309 |
| 852 ## - LOCALIZACIÓN | |
| Ubicación | ES-MaACL |
| Número de control de estantería | P-12 |
| Sublocalización o colección | R.90782 |
| Estatus retirado | Estado de pérdida | Estado de daño | No para préstamo | Biblioteca de origen | Biblioteca actual | Ubicación en estantería | Fecha de adquisición | Fuente de adquisición | Total de préstamos | Signatura topográfica completa | Código de barras | Visto por última vez | Precio de reemplazo | Tipo de ítem Koha |
|---|---|---|---|---|---|---|---|---|---|---|---|---|---|---|
| Biblioteca del Ateneo de Madrid | Biblioteca del Ateneo de Madrid | Depósito 2 | 17/01/2008 | P-12 | 1083226 | 23/02/2023 | 23/02/2023 | Libro impreso |
